La Reforma Penal de 2015

Detalles Bibliográficos
Autor principal: Jaň Vallejo, Manuel
Otros Autores: Luis Perrino Přez, ℓngel
Formato: Libro
Lenguaje:español
Publicado: Espaą Dykinson 2015
Materias:
Acceso en línea:Acceso restringido

MARC

LEADER 00000nam a22000007a 4500
005 20160519150116.0
007 cr|||| ||u|
008 160519s2015 spa||||| |||| 00||0 spa d
020 |a 978-84-9085-451-8 
035 |a 14237 
040 |a vLex  
090 |c 6086  |d 6086 
100 1 |a Jaň Vallejo, Manuel  
245 1 3 |a La Reforma Penal de 2015  |h [Recurso electrn̤ico] /  |c Manuel Jaň Vallejo 
256 |a Servicio en ln̕ea  
260 |a Espaą  |b Dykinson  |c 2015 
300 |a 1 recurso electrn̤ico  
500 |a Anl̀isis de las principales reformas introducidas en el Cd̤igo Penal por las Leyes Orgǹicas 1 y 2/2015, de 30 de marzo 
506 1 |a Contenido solo disponible en los productos indicados  |d vLex Global  |d vLex Global (Academic Edition, excluding Law Schools)  |d vLex Global (U.S. Academic Edition, Law Schools)  |d vLex Global (U.S. Academic Edition, excluding Law Schools)  |d vLex Global (Academic Edition, Law Schools) 
650 0 4 |a Derecho penal  |z Espaą 
700 0 |a Luis Perrino Přez, ℓngel  
740 0 |a vLex libros (servicio en ln̕ea)  
856 4 0 |u http://vlex.com/source/reforma-penal-2015-14237  |z Acceso restringido 
942 |c BOOK 
999 0 |a Criminal Law   |b Espaą